| 000 | 00337nam a2200109 4500 | ||
|---|---|---|---|
| 082 | 0 | _a221.6 | |
| 242 | 0 | 0 | _aLessons from the Old Testament in the words of the Bible, in Dinka, Bor dialect |
| 245 | 1 | 1 |
_aPiööc de lëk thɛɛr : _bNë wël cï ke kuɛ̈ny bei në bainolic |
| 260 |
_bS.P.C.K _cc.1996 |
||
| 300 | _a214 p. | ||
| 942 |
_2ddc _cBK |
||
| 999 |
_c64590 _d64564 |
||